| 000 | 01295cam a22003737a 4500 | ||
|---|---|---|---|
| 003 | CHAP | ||
| 005 | 20220329142752.0 | ||
| 008 | 030812d1998 mx a r 00110 spa d | ||
| 010 | _a87531 | ||
| 011 | _a88503 | ||
| 020 | _a970 91506 0 X | ||
| 035 | _a99048 | ||
| 040 | _cCHAP | ||
| 090 | _aFolleto 16603 | ||
| 100 | 0 | 0 |
_aDomínguez Cisneros, Sara. _933792 |
| 245 | 1 | 0 |
_aGuía de peces del río Lacanja, selva lacandona , Chiapas, México _c/por Sara Domínguez Cisneros y Rocio Rodiles Hernández |
| 260 |
_aSan Cristobal de las Casas, Chis. : _bEcosur, _c1998. |
||
| 300 |
_a68 p. ; _bilus. |
||
| 590 |
_aBATCH-UPD _b10 _c20130110 _lUCH01 _h0424 |
||
| 590 |
_aBATCH-UPD _b10 _c20130110 _lUCH01 _h2328 |
||
| 590 |
_aBATCH-UPD _b10 _c20130410 _lUCH01 _h0059 |
||
| 590 |
_aBATCH-UPD _b10 _c20130410 _lUCH01 _h1618 |
||
| 590 |
_aBATCH-UPD _b10 _c20130914 _lUCH01 _h1218 |
||
| 590 |
_aCONVERSION _b10 _c20130109 _lUCH01 _h1349 |
||
| 650 | 1 | 4 |
_aPeces de agua dulce. _986461 |
| 650 | 1 | 4 |
_aPeces _xCatálogos y colecciones. _986444 |
| 650 | 1 | 4 |
_aPeces _xClasificación. _986445 |
| 650 | 1 | 4 |
_aPeces _xIdentificación. _986453 |
| 700 | 0 | 0 |
_aRobles Hernández, Rocío. _998085 |
| 901 | _aBK | ||
| 905 | _aMayto Villalobos S. | ||
| 942 | _cFOLL | ||
| 949 |
_aFolleto 16603 _bBC _cFOLL _d99048123 _eTS1 _i99048 _sb |
||
| 999 |
_c87531 _d87531 |
||